000 01176nam a2200337 i 4500
001 198231
003 ES-MaACL
005 20260417154507.0
007 ta
008 260416s1983 mx ||||| |||| 001 0 spa d
040 _aES-MaACL
_bspa
_cES-MaACL
_erda
044 _amx
080 _a929 Rex, Domingo
080 _a929-054.74(=1:460:720)"1939/75"
100 1 _aRex, Domingo
_4aut
_9242996
_eaut
245 1 3 _aUn español en México :
_bconfesiones de un transterrado /
_cDomingo Rex
264 1 _aMéxico D. F. :
_bTalleres Fuentes Impresores,
_c1983
300 _a158 páginas ;
_c21 cm
336 _2rdacontent
_aTexto
337 _2rdamedia
_asin mediación
338 _2rdacarrier
_avolumen
500 _aRegistro provisional
500 _aDedicatoria del autor: "A Clarita García Bilbao, con mi afecto y simpatía, Domingo Rex, agosto 1983"
500 _aÍndice
600 1 4 _aRex, Domingo
_9242996
650 4 _aExiliados españoles-
_zMéxico-
_y1939-1975
_9237679
852 _aES-MaACL
_cDES
_jDB-121
_hDonación: Miguel Guedán
_xEncuadernación rústica
942 _cMONOGRAFIA
_n0
999 _c198231
_d198231